000 00578nam a2200169Ia 4500
008 150610s9999 xx 000 0 und d
020 _a0 142401110
050 _aPZ7
_b.G2933 M9 2004  
100 _aGeorge, Jean Craighead, 1919-2012.
245 _aMy side of the mountain /
_cwritten and illustrated by Jean Craighead George.
260 _aNew York :
_bPuffin Books,
_c2004.
300 _a177pages :
_billustrations ;
_c18 cm.
504 _a"A Newbery Honor Book"--Cover.
520 _aFiction.
650 _aMountain life 
_xFiction.
650 _aSelf-reliance
_xFiction.
999 _c288068
_d288068